00769 2200265 4500001002100000005001500021035002000036007000300056008004100059020002200100082001000122084001600132100003100148245011900179250001100298260004100309300002900350650001900379700001900398700001700417700001500434520003000449990001200479990001200491INLIS00000000000165120180227104506 a0010-0218000246ta180227 g 0 ind  a978-979-592-617-7 a297.9 a297.9 ALI b0 aALI, Muhammad Ash-Shallabi1 aBiografi Utsman bin Affan /cAli Muhammad Ash-Shallabi; penerjemah, Masturi Irham, Malik Supar; editor, Artawijaya acet. 3 aJakarta :bPustaka Al-Kautsar,c2017 axliv, 608 hlm. ;c25 cm. aISLAM-BIOGRAFI0 aMASTURI, Irham0 aMALIK, Supar0 aARTAWIJAYA abibliografi: hlm. 603-608 a16558 a a16558 b